| 000 | 00822nam a22002417a 4500 | ||
|---|---|---|---|
| 999 |
_c15356 _d15356 |
||
| 003 | AR-CdUCM | ||
| 008 | 190426b ||||| |||| 00| 0 spa d | ||
| 020 | _a978-607-618799-9 | ||
| 040 |
_aMUNICIPALIDAD PROVINCIAL DEL CUSCO _cBIBLIOTECA MUNICIPAL DEL CUSCO |
||
| 082 |
_aEP / 804. / _bT47 |
||
| 100 |
_aThien Loc, Nguyen Tran _934399 |
||
| 245 | _aLa metamorfosis de fru - fru / | ||
| 260 |
_aMéxico : _bAdvanced marketing, _c2016. |
||
| 300 |
_a28 paginas ; _bIlustraciones, _c33 cm. |
||
| 500 | _aTitulo original : La metamorfosi de fru - fru | ||
| 650 |
_aLiteratura infantil _9588 |
||
| 650 |
_aLas plantas _924134 |
||
| 650 |
_aTexto de aventura _934344 |
||
| 650 |
_aLos insectos _934400 |
||
| 700 |
_aCaballero del Moral Samantha (Traducción) _934401 |
||
| 942 |
_2ddc _cLIBROS |
||
| 945 |
_awnts _d2019-04-26 |
||